| 000 | 00831cam a2200265 a 4500 | ||
|---|---|---|---|
| 008 | |||
| 020 | _a9781405824347 (pbk.) | ||
| 049 | _aMAIN | ||
| 090 |
_aREF PN4784.B75 _bHUD |
||
| 100 | 1 | _aHudson, Gary. | |
| 245 | 1 | 4 |
_aThe broadcast journalism handbook / _cGary Hudson and Sarah Rowlands. |
| 260 |
_aHarlow : _bPearson, _c2007. |
||
| 300 |
_axii, 407 p. : _bcol. ill. ; _c27 cm. + _e1 CD-ROM (4 3/4 in.) |
||
| 440 | _aLongman practical journalism series. | ||
| 500 | _aIncludes index. | ||
| 504 | _aIncludes bibliographical references. | ||
| 650 | 0 | _aBroadcast journalism. | |
| 700 | 1 | _aRowlands, Sarah. | |
| 700 | 1 | _aHudson, Gary. | |
| 907 |
_a.b10332807 _b17-06-13 _c10-06-13 |
||
| 003 | |||
| 005 | 20230123122016.0 | ||
| 040 | _cNUST | ||
| 942 |
_cBOOKS _kREF PN4784.B75 _mHUD |
||
| 999 |
_c126233 _d126233 |
||